00336 a2200133 450000100060000002000150000604000240002110000210004524000470006624500420011330000070015536200090016265000310017169357 a8572084428 cAnchieta - Itaigara aSypriano, Lilian10aDona Neném, fofoqueira como ninguemlpor10aDona Neném, fofoqueira como ninguem a310 a2006 4aLiteratura infanto-juvenil